Snabb matematik - dubbelt så många! - Statistics

General Stats
  • This quiz has been taken 18 times
  • The average score is 10 of 20
Answer Stats
nummer dubbel % Correct
500 1000
100%
516 1032
100%
52 104
100%
520 1040
100%
523 1046
100%
536 1072
100%
537 1074
100%
544 1088
100%
574 1148
100%
575 1150
100%
579 1158
100%
582 1164
100%
596 1192
100%
611 1222
100%
62 124
100%
624 1248
100%
643 1286
100%
654 1308
100%
661 1322
100%
687 1374
100%
689 1378
100%
698 1396
100%
700 1400
100%
71 142
100%
711 1422
100%
734 1468
100%
739 1478
100%
76 152
100%
803 1606
100%
82 164
100%
830 1660
100%
851 1702
100%
854 1708
100%
865 1730
100%
871 1742
100%
876 1752
100%
887 1774
100%
893 1786
100%
916 1832
100%
922 1844
100%
951 1902
100%
952 1904
100%
957 1914
100%
968 1936
100%
972 1944
100%
994 1988
100%
102 204
100%
111 222
100%
12 24
100%
122 244
100%
14 28
100%
144 288
100%
145 290
100%
149 298
100%
15 30
100%
150 300
100%
155 310
100%
168 336
100%
171 342
100%
178 356
100%
182 364
100%
20 40
100%
200 400
100%
207 414
100%
22 44
100%
223 446
100%
230 460
100%
235 470
100%
244 488
100%
249 498
100%
255 510
100%
275 550
100%
280 560
100%
297 594
100%
303 606
100%
304 608
100%
313 626
100%
324 648
100%
332 664
100%
345 690
100%
346 692
100%
357 714
100%
369 738
100%
375 750
100%
377 754
100%
383 766
100%
388 776
100%
396 792
100%
403 806
100%
409 818
100%
413 826
100%
414 828
100%
430 860
100%
452 904
100%
463 926
100%
465 930
100%
470 940
100%
483 966
100%
492 984
100%
650 1300
50%
709 1418
50%
719 1438
50%
79 158
50%
158 316
50%
5 10
0%
50 100
0%
501 1002
0%
502 1004
0%
503 1006
0%
504 1008
0%
505 1010
0%
506 1012
0%
507 1014
0%
508 1016
0%
509 1018
0%
51 102
0%
510 1020
0%
511 1022
0%
512 1024
0%
513 1026
0%
514 1028
0%
515 1030
0%
517 1034
0%
518 1036
0%
519 1038
0%
521 1042
0%
522 1044
0%
524 1048
0%
525 1050
0%
526 1052
0%
527 1054
0%
528 1056
0%
529 1058
0%
53 106
0%
530 1060
0%
531 1062
0%
532 1064
0%
533 1066
0%
534 1068
0%
535 1070
0%
538 1076
0%
539 1078
0%
54 108
0%
540 1080
0%
541 1082
0%
542 1084
0%
543 1086
0%
545 1090
0%
546 1092
0%
547 1094
0%
548 1096
0%
549 1098
0%
55 110
0%
550 1100
0%
551 1102
0%
552 1104
0%
553 1106
0%
554 1108
0%
555 1110
0%
556 1112
0%
557 1114
0%
558 1116
0%
559 1118
0%
56 112
0%
560 1120
0%
561 1122
0%
562 1124
0%
563 1126
0%
564 1128
0%
565 1130
0%
566 1132
0%
567 1134
0%
568 1136
0%
569 1138
0%
57 114
0%
570 1140
0%
571 1142
0%
572 1144
0%
573 1146
0%
576 1152
0%
577 1154
0%
578 1156
0%
58 116
0%
580 1160
0%
581 1162
0%
583 1166
0%
584 1168
0%
585 1170
0%
586 1172
0%
587 1174
0%
588 1176
0%
589 1178
0%
59 118
0%
590 1180
0%
591 1182
0%
592 1184
0%
593 1186
0%
594 1188
0%
595 1190
0%
597 1194
0%
598 1196
0%
599 1198
0%
6 12
0%
60 120
0%
600 1200
0%
601 1202
0%
602 1204
0%
603 1206
0%
604 1208
0%
605 1210
0%
606 1212
0%
607 1214
0%
608 1216
0%
609 1218
0%
61 122
0%
610 1220
0%
612 1224
0%
613 1226
0%
614 1228
0%
615 1230
0%
616 1232
0%
617 1234
0%
618 1236
0%
619 1238
0%
620 1240
0%
621 1242
0%
622 1244
0%
623 1246
0%
625 1250
0%
626 1252
0%
627 1254
0%
628 1256
0%
629 1258
0%
63 126
0%
630 1260
0%
631 1262
0%
632 1264
0%
633 1266
0%
634 1268
0%
635 1270
0%
636 1272
0%
637 1274
0%
638 1276
0%
639 1278
0%
64 128
0%
640 1280
0%
641 1282
0%
642 1284
0%
644 1288
0%
645 1290
0%
646 1292
0%
647 1294
0%
648 1296
0%
649 1298
0%
65 130
0%
651 1302
0%
652 1304
0%
653 1306
0%
655 1310
0%
656 1312
0%
657 1314
0%
658 1316
0%
659 1318
0%
66 132
0%
660 1320
0%
662 1324
0%
663 1326
0%
664 1328
0%
665 1330
0%
666 1332
0%
667 1334
0%
668 1336
0%
669 1338
0%
67 134
0%
670 1340
0%
671 1342
0%
672 1344
0%
673 1346
0%
674 1348
0%
675 1350
0%
676 1352
0%
677 1354
0%
678 1356
0%
679 1358
0%
68 136
0%
680 1360
0%
681 1362
0%
682 1364
0%
683 1366
0%
684 1368
0%
685 1370
0%
686 1372
0%
688 1376
0%
69 138
0%
690 1380
0%
691 1382
0%
692 1384
0%
693 1386
0%
694 1388
0%
695 1390
0%
696 1392
0%
697 1394
0%
699 1398
0%
7 14
0%
70 140
0%
701 1402
0%
702 1404
0%
703 1406
0%
704 1408
0%
705 1410
0%
706 1412
0%
707 1414
0%
708 1416
0%
710 1420
0%
712 1424
0%
713 1426
0%
714 1428
0%
715 1430
0%
716 1432
0%
717 1434
0%
718 1436
0%
72 144
0%
720 1440
0%
721 1442
0%
722 1444
0%
723 1446
0%
724 1448
0%
725 1450
0%
726 1452
0%
727 1454
0%
728 1456
0%
729 1458
0%
73 146
0%
730 1460
0%
731 1462
0%
732 1464
0%
733 1466
0%
735 1470
0%
736 1472
0%
737 1474
0%
738 1476
0%
74 148
0%
740 1480
0%
741 1482
0%
742 1484
0%
743 1486
0%
744 1488
0%
745 1490
0%
746 1492
0%
747 1494
0%
748 1496
0%
749 1498
0%
75 150
0%
750 1500
0%
751 1502
0%
752 1504
0%
753 1506
0%
754 1508
0%
755 1510
0%
756 1512
0%
757 1514
0%
758 1516
0%
759 1518
0%
760 1520
0%
761 1522
0%
762 1524
0%
763 1526
0%
764 1528
0%
765 1530
0%
766 1532
0%
767 1534
0%
768 1536
0%
769 1538
0%
77 154
0%
770 1540
0%
771 1542
0%
772 1544
0%
773 1546
0%
774 1548
0%
775 1550
0%
776 1552
0%
777 1554
0%
778 1556
0%
779 1558
0%
78 156
0%
780 1560
0%
781 1562
0%
782 1564
0%
783 1566
0%
784 1568
0%
785 1570
0%
786 1572
0%
787 1574
0%
788 1576
0%
789 1578
0%
790 1580
0%
791 1582
0%
792 1584
0%
793 1586
0%
794 1588
0%
795 1590
0%
796 1592
0%
797 1594
0%
798 1596
0%
799 1598
0%
8 16
0%
80 160
0%
800 1600
0%
801 1602
0%
802 1604
0%
804 1608
0%
805 1610
0%
806 1612
0%
807 1614
0%
808 1616
0%
809 1618
0%
81 162
0%
810 1620
0%
811 1622
0%
812 1624
0%
813 1626
0%
814 1628
0%
815 1630
0%
816 1632
0%
817 1634
0%
818 1636
0%
819 1638
0%
820 1640
0%
821 1642
0%
822 1644
0%
823 1646
0%
824 1648
0%
825 1650
0%
826 1652
0%
827 1654
0%
828 1656
0%
829 1658
0%
83 166
0%
831 1662
0%
832 1664
0%
833 1666
0%
834 1668
0%
835 1670
0%
836 1672
0%
837 1674
0%
838 1676
0%
839 1678
0%
84 168
0%
840 1680
0%
841 1682
0%
842 1684
0%
843 1686
0%
844 1688
0%
845 1690
0%
846 1692
0%
847 1694
0%
848 1696
0%
849 1698
0%
85 170
0%
850 1700
0%
852 1704
0%
853 1706
0%
855 1710
0%
856 1712
0%
857 1714
0%
858 1716
0%
859 1718
0%
86 172
0%
860 1720
0%
861 1722
0%
862 1724
0%
863 1726
0%
864 1728
0%
866 1732
0%
867 1734
0%
868 1736
0%
869 1738
0%
87 174
0%
870 1740
0%
872 1744
0%
873 1746
0%
874 1748
0%
875 1750
0%
877 1754
0%
878 1756
0%
879 1758
0%
88 176
0%
880 1760
0%
881 1762
0%
882 1764
0%
883 1766
0%
884 1768
0%
885 1770
0%
886 1772
0%
888 1776
0%
889 1778
0%
89 178
0%
890 1780
0%
891 1782
0%
892 1784
0%
894 1788
0%
895 1790
0%
896 1792
0%
897 1794
0%
898 1796
0%
899 1798
0%
9 18
0%
90 180
0%
900 1800
0%
901 1802
0%
902 1804
0%
903 1806
0%
904 1808
0%
905 1810
0%
906 1812
0%
907 1814
0%
908 1816
0%
909 1818
0%
91 182
0%
910 1820
0%
911 1822
0%
912 1824
0%
913 1826
0%
914 1828
0%
915 1830
0%
917 1834
0%
918 1836
0%
919 1838
0%
92 184
0%
920 1840
0%
921 1842
0%
923 1846
0%
924 1848
0%
925 1850
0%
926 1852
0%
927 1854
0%
928 1856
0%
929 1858
0%
93 186
0%
930 1860
0%
931 1862
0%
932 1864
0%
933 1866
0%
934 1868
0%
935 1870
0%
936 1872
0%
937 1874
0%
938 1876
0%
939 1878
0%
94 188
0%
940 1880
0%
941 1882
0%
942 1884
0%
943 1886
0%
944 1888
0%
945 1890
0%
946 1892
0%
947 1894
0%
948 1896
0%
949 1898
0%
95 190
0%
950 1900
0%
953 1906
0%
954 1908
0%
955 1910
0%
956 1912
0%
958 1916
0%
959 1918
0%
96 192
0%
960 1920
0%
961 1922
0%
962 1924
0%
963 1926
0%
964 1928
0%
965 1930
0%
966 1932
0%
967 1934
0%
969 1938
0%
97 194
0%
970 1940
0%
971 1942
0%
973 1946
0%
974 1948
0%
975 1950
0%
976 1952
0%
977 1954
0%
978 1956
0%
979 1958
0%
98 196
0%
980 1960
0%
981 1962
0%
982 1964
0%
983 1966
0%
984 1968
0%
985 1970
0%
986 1972
0%
987 1974
0%
988 1976
0%
989 1978
0%
99 198
0%
990 1980
0%
991 1982
0%
992 1984
0%
993 1986
0%
10 20
0%
100 200
0%
101 202
0%
103 206
0%
104 208
0%
105 210
0%
106 212
0%
107 214
0%
108 216
0%
109 218
0%
11 22
0%
110 220
0%
112 224
0%
113 226
0%
114 228
0%
115 230
0%
116 232
0%
117 234
0%
118 236
0%
119 238
0%
120 240
0%
121 242
0%
123 246
0%
124 248
0%
125 250
0%
126 252
0%
127 254
0%
128 256
0%
129 258
0%
13 26
0%
130 260
0%
131 262
0%
132 264
0%
133 266
0%
134 268
0%
135 270
0%
136 272
0%
137 274
0%
138 276
0%
139 278
0%
140 280
0%
141 282
0%
142 284
0%
143 286
0%
146 292
0%
147 294
0%
148 296
0%
151 302
0%
152 304
0%
153 306
0%
154 308
0%
156 312
0%
157 314
0%
159 318
0%
16 32
0%
160 320
0%
161 322
0%
162 324
0%
163 326
0%
164 328
0%
165 330
0%
166 332
0%
167 334
0%
169 338
0%
17 34
0%
170 340
0%
172 344
0%
173 346
0%
174 348
0%
175 350
0%
176 352
0%
177 354
0%
179 358
0%
18 36
0%
180 360
0%
181 362
0%
183 366
0%
184 368
0%
185 370
0%
186 372
0%
187 374
0%
188 376
0%
189 378
0%
19 38
0%
190 380
0%
191 382
0%
192 384
0%
193 386
0%
194 388
0%
195 390
0%
196 392
0%
197 394
0%
198 396
0%
199 398
0%
201 402
0%
202 404
0%
203 406
0%
204 408
0%
205 410
0%
206 412
0%
208 416
0%
209 418
0%
21 42
0%
210 420
0%
211 422
0%
212 424
0%
213 426
0%
214 428
0%
215 430
0%
216 432
0%
217 434
0%
218 436
0%
219 438
0%
220 440
0%
221 442
0%
222 444
0%
224 448
0%
225 450
0%
226 452
0%
227 454
0%
228 456
0%
229 458
0%
23 46
0%
231 462
0%
232 464
0%
233 466
0%
234 468
0%
236 472
0%
237 474
0%
238 476
0%
239 478
0%
24 48
0%
240 480
0%
241 482
0%
242 484
0%
243 486
0%
245 490
0%
246 492
0%
247 494
0%
248 496
0%
25 50
0%
250 500
0%
251 502
0%
252 504
0%
253 506
0%
254 508
0%
256 512
0%
257 514
0%
258 516
0%
259 518
0%
26 52
0%
260 520
0%
261 522
0%
262 524
0%
263 526
0%
264 528
0%
265 530
0%
266 532
0%
267 534
0%
268 536
0%
269 538
0%
27 54
0%
270 540
0%
271 542
0%
272 544
0%
273 546
0%
274 548
0%
276 552
0%
277 554
0%
278 556
0%
279 558
0%
28 56
0%
281 562
0%
282 564
0%
283 566
0%
284 568
0%
285 570
0%
286 572
0%
287 574
0%
288 576
0%
289 578
0%
29 58
0%
290 580
0%
291 582
0%
292 584
0%
293 586
0%
294 588
0%
295 590
0%
296 592
0%
298 596
0%
299 598
0%
30 60
0%
300 600
0%
301 602
0%
302 604
0%
305 610
0%
306 612
0%
307 614
0%
308 616
0%
309 618
0%
31 62
0%
310 620
0%
311 622
0%
312 624
0%
314 628
0%
315 630
0%
316 632
0%
317 634
0%
318 636
0%
319 638
0%
32 64
0%
320 640
0%
321 642
0%
322 644
0%
323 646
0%
325 650
0%
326 652
0%
327 654
0%
328 656
0%
329 658
0%
33 66
0%
330 660
0%
331 662
0%
333 666
0%
334 668
0%
335 670
0%
336 672
0%
337 674
0%
338 676
0%
339 678
0%
34 68
0%
340 680
0%
341 682
0%
342 684
0%
343 686
0%
344 688
0%
347 694
0%
348 696
0%
349 698
0%
35 70
0%
350 700
0%
351 702
0%
352 704
0%
353 706
0%
354 708
0%
355 710
0%
356 712
0%
358 716
0%
359 718
0%
36 72
0%
360 720
0%
361 722
0%
362 724
0%
363 726
0%
364 728
0%
365 730
0%
366 732
0%
367 734
0%
368 736
0%
37 74
0%
370 740
0%
371 742
0%
372 744
0%
373 746
0%
374 748
0%
376 752
0%
378 756
0%
379 758
0%
38 76
0%
380 760
0%
381 762
0%
382 764
0%
384 768
0%
385 770
0%
386 772
0%
387 774
0%
389 778
0%
39 78
0%
390 780
0%
391 782
0%
392 784
0%
393 786
0%
394 788
0%
395 790
0%
397 794
0%
398 796
0%
399 798
0%
40 80
0%
400 800
0%
401 802
0%
402 804
0%
404 808
0%
405 810
0%
406 812
0%
407 814
0%
408 816
0%
41 82
0%
410 820
0%
411 822
0%
412 824
0%
415 830
0%
416 832
0%
417 834
0%
418 836
0%
419 838
0%
42 84
0%
420 840
0%
421 842
0%
422 844
0%
423 846
0%
424 848
0%
425 850
0%
426 852
0%
427 854
0%
428 856
0%
429 858
0%
43 86
0%
431 862
0%
432 864
0%
433 866
0%
434 868
0%
435 870
0%
436 872
0%
437 874
0%
438 876
0%
439 878
0%
44 88
0%
440 880
0%
441 882
0%
442 884
0%
443 886
0%
444 888
0%
445 890
0%
446 892
0%
447 894
0%
448 896
0%
449 898
0%
45 90
0%
450 900
0%
451 902
0%
453 906
0%
454 908
0%
455 910
0%
456 912
0%
457 914
0%
458 916
0%
459 918
0%
46 92
0%
460 920
0%
461 922
0%
462 924
0%
464 928
0%
466 932
0%
467 934
0%
468 936
0%
469 938
0%
47 94
0%
471 942
0%
472 944
0%
473 946
0%
474 948
0%
475 950
0%
476 952
0%
477 954
0%
478 956
0%
479 958
0%
48 96
0%
480 960
0%
481 962
0%
482 964
0%
484 968
0%
485 970
0%
486 972
0%
487 974
0%
488 976
0%
489 978
0%
49 98
0%
490 980
0%
491 982
0%
493 986
0%
494 988
0%
495 990
0%
496 992
0%
497 994
0%
498 996
0%
499 998
0%
No matching quizzes found
Score Distribution
Percent of People with Each Score
Percentile by Number Answered
Your Score History
You have not taken this quiz